Семейный врач и организация здорового образа жизни. Ч. 2: Медицинские вопросы физической культуры в практике семейного врача (Запись № 570843)

Подробности
000 -МАРКЕР
контрольное поле 01536nam2a2200325 4500
001 - ИДЕНТИФИКАТОР ЗАПИСИ
контрольное поле RU\NLR\bibl\103348
005 - ИДЕНТИФИКАТОР ВЕРСИИ
контрольное поле 20250617084610.0
010 ## - МЕЖДУНАРОДНЫЙ СТАНДАРТНЫЙ НОМЕР КНИГИ (ISBN)
Номер (ISBN) 5-87472-212-2
021 ## - НОМЕР ГОСУДАРСТВЕННОЙ РЕГИСТРАЦИИ
Код страны Российская Федерация
Номер 2000-9170п
Номер Листа государственной регистраци 346п
035 ## - ДРУГИЕ СИСТЕМНЫЕ НОМЕРА
Идентификатор записи (NLR Aleph) 000101098
100 ## - ДАННЫЕ ОБЩЕЙ ОБРАБОТКИ
Данные общей обработки 20000814d1999 |||y0rusy50 ca
101 0# - ЯЗЫК РЕСУРСА
Язык текста, звукозаписи и т.д. русский
102 ## - СТРАНА ПУБЛИКАЦИИ ИЛИ ПРОИЗВОДСТВА
Страна публикации Российская Федерация
105 ## - ПОЛЕ КОДИРОВАННЫХ ДАННЫХ: ТЕКСТОВЫЕ МАТЕРИАЛЫ, МОНОГРАФИЧЕСКИЕ
Кодированные данные о монографическом текстовом документе a |||||||||
200 1# - ЗАГЛАВИЕ И СВЕДЕНИЯ ОБ ОТВЕТСТВЕННОСТИ
Основное заглавие Медицинские вопросы физической культуры в практике семейного врача
210 ## - ПУБЛИКАЦИЯ, РАСПРОСТРАНЕНИЕ И ДР.
Дата издания, распространения и т.д. 1999
Место издания, распространения и т.д. Б. м.
215 ## - ФИЗИЧЕСКАЯ ХАРАКТЕРИСТИКА
Специфическое обозначение материала и объем 63 с.
Другие сведения о физической характеристике ил.
225 1# - СЕРИЯ
Основное заглавие серии ...
Обозначение тома Кн. 13
320 ## - ПРИМЕЧАНИЯ О НАЛИЧИИ В ДОКУМЕНТЕ БИБЛИОГРАФИИ / УКАЗАТЕЛЯ
Текст примечания Библиогр.: с. 63
461 #0 - УРОВЕНЬ НАБОРА
Встроенное поле 001RU\NLR\bibl\108028
-- 2001#$aСемейный врач и организация здорового образа жизни$vЧ. 2
Системный номер (АБИС) связанной записи 598540
Автор Дорничев, В. М.
Место публикации СПб.
Дата публикации 1999
Первые сведения об ответственности В.М. Дорничев, П.С. Гуревич, Ю.М. Губачев
Имя издателя, распространителя и т.д. Папирус
Сведения, относящиеся к заглавию [Учеб.-метод. пособие]
Заглавие Семейный врач и организация здорового образа жизни
Номер тома Ч. 2
606 0# - НАИМЕНОВАНИЕ ТЕМЫ КАК ПРЕДМЕТ
Наименование темы Лечебная физическая культура
Формальный подзаголовок Руководства, пособия и т.п.
Системный номер авторитетной/нормативной записи 942276
Идентификатор авторитетной/нормативной записи RU\NLR\auth\6630200
606 0# - НАИМЕНОВАНИЕ ТЕМЫ КАК ПРЕДМЕТ
Наименование темы Лечебная физическая культура
Формальный подзаголовок Учебные издания
Системный номер авторитетной/нормативной записи 942276
Идентификатор авторитетной/нормативной записи RU\NLR\auth\6630200
686 ## - ИНДЕКСЫ ДРУГИХ КЛАССИФИКАЦИЙ
Индекс Р354.11я7
801 #0 - ИСТОЧНИК ЗАПИСИ
Страна Российская Федерация
Организация NLR
Дата составления 20000814
Правила каталогизации PSBO
801 #1 - ИСТОЧНИК ЗАПИСИ
Страна Российская Федерация
Организация NLR
Дата составления 20000814
852 ## - МЕСТОНАХОЖДЕНИЕ И ШИФР ХРАНЕНИЯ
Идентификатор организации NLR
Шифр хранения (Call Number) 2000-4/4567
942 ## - ДОПОЛНИТЕЛЬНЫЕ ЭЛЕМЕНТЫ ЗАПИСИ (АБИС)
Тип экземпляра АБИС Книга
980 ## - КОЛЛЕКЦИЯ
Название коллекции Национальная библиография
Экземпляры
Тип экземпляра Дата поступления Источник поступления Библиотека постоянного хранения Библиотека текущего хранения Место хранения Шифр хранения Штрих-код Статус экземпляра
Книга 14.08.2000 Обязательный экземпляр РНБ (Московский) РНБ (Московский) Русский книжный фонд: издания с 1957 года 2000-4/4567 57227  
Книга 14.08.2000 Обязательный экземпляр РНБ (Московский) РНБ (Московский) Русский книжный фонд: издания с 1957 года 2000-4/4567 57228